[Event "MNT-ch 73rd"]
[Site "Podgorica"]
[Date "2021.05.03"]
[Round "1"]
[White "Vujadinovic, Zeljko"]
[Black "Kisic, Bozidar"]
[Result "0-1"]
[WhiteElo "1859"]
[BlackElo "2301"]
[PlyCount "54"]
[EventDate "2021.05.03"]
[EventType "swiss"]
[EventRounds "9"]
[EventCountry "MNE"]
[SourceTitle "CBM 202 Extra"]
[Source "ChessBase"]
[SourceDate "2021.07.31"]
[SourceVersion "1"]
[SourceVersionDate "2021.07.31"]
[SourceQuality "1"]

1. d4 Nf6 2. Nf3 d6 3. Bg5 g6 4. e3 Bg7 5. Be2 0-0 6. 0-0 Nbd7 7. c3 b6 8. Nbd2 Bb7 9. Qc2 c5 10. Rad1 Qc7 11. a3 Rac8 12. Qa4 a6 13. Rfe1 b5 14. Qb3 Rfe8 15. a4 Bd5 16. Qc2 Qb7 17. axb5 axb5 18. Bf1 Ne4 19. Nxe4 Bxe4 20. Qe2 c4 21. Nd2 Bc2 22. Rc1 Bd3 23. Qf3 Qxf3 24. gxf3 Bxf1 25. Kxf1 h5 26. Ra1 f6 27. Ra7 Red8 0-1

[Event "Podgorica Zeta CC-ch 17th"]
[Site "Podgorica"]
[Date "2014.12.14"]
[Round "8"]
[White "Vujadinovic, Zeljko"]
[Black "Djokovic, Mirsad"]
[Result "1-0"]
[WhiteElo "1902"]
[BlackElo "2132"]
[PlyCount "125"]
[EventDate "2014.11.22"]
[EventType "tourn"]
[EventRounds "9"]
[EventCountry "MNE"]
[SourceTitle "EXT 2018"]
[Source "ChessBase"]
[SourceDate "2017.10.13"]
[SourceVersion "1"]
[SourceVersionDate "2017.10.13"]
[SourceQuality "1"]

1. d4 e6 2. c4 c5 3. e3 b6 4. Nc3 Bb7 5. Nf3 Nf6 6. b3 cxd4 7. exd4 d5 8. Be2 Nbd7 9. 0-0 Rc8 10. Bb2 Be7 11. cxd5 Nxd5 12. Nxd5 Bxd5 13. Ne5 0-0 14. Rc1 Nf6 15. Ba6 Rxc1 16. Qxc1 Qa8 17. f3 Bb7 18. Bd3 Nd5 19. Qb1 h6 20. Qe1 Nf6 21. Qd2 Qd8 22. Rc1 Qd6 23. a3 Rd8 24. Qe2 Nd5 25. Bb1 Bg5 26. Re1 Rc8 27. Qd3 Nf6 28. g3 h5 29. Nxf7 Qd5 30. Re5 Qxf3 31. Qxf3 Bxf3 32. Nxg5 Bd5 33. b4 Ng4 34. Re1 Rf8 35. Nh3 h4 36. Rf1 Rxf1+ 37. Kxf1 Nxh2+ 38. Kg1 hxg3 39. Ng5 Ng4 40. Be4 Bc4 41. Kg2 Ne3+ 42. Kxg3 Nd1 43. Bc1 Nc3 44. Bf3 Kf8 45. Bf4 Nb5 46. Bb8 a6 47. a4 Nxd4 48. Ba7 a5 49. Bxb6 Nf5+ 50. Kf4 axb4 51. Bc5+ Ke8 52. Bxb4 Kd7 53. Bc5 Ba6 54. Ke5 Bc4 55. a5 Nh6 56. Bf8 Ng8 57. Bxg7 Ne7 58. Kd4 Ba6 59. Kc5 Nf5 60. Be5 Ne7 61. Bd6 Nc8 62. Bc6+ Kd8 63. Nxe6# 1-0

[Event "Montenegro Team Cup"]
[Site "Montenegro"]
[Date "2013.04.14"]
[Round "2.2"]
[White "Vujadinovic, Zeljko"]
[Black "Pajkovic, Vladimir"]
[Result "0-1"]
[WhiteElo "1916"]
[BlackElo "2425"]
[PlyCount "49"]
[EventDate "2013.04.06"]
[EventType "swiss"]
[EventRounds "5"]
[EventCountry "MNE"]
[SourceTitle "CBM 154 Extra"]
[Source "ChessBase"]
[SourceDate "2013.06.25"]
[SourceVersion "2"]
[SourceVersionDate "2013.06.25"]
[SourceQuality "1"]

1. d4 d5 2. Nf3 c6 3. c4 Nf6 4. Nc3 a6 5. e3 e6 6. Be2 dxc4 7. Bxc4 b5 8. Bd3 c5 9. 0-0 Nbd7 10. b3 Bb7 11. Bb2 Be7 12. Qe2 0-0 13. Rad1 Qc7 14. a4 b4 15. Nb1 cxd4 16. exd4 Nd5 17. Rc1 Qf4 18. Ne5 Nxe5 19. dxe5 Qh6 20. Rc4 Nf4 21. Qe3 Nxd3 22. Qxd3 Rfd8 23. Qc2 Rd7 24. Rd1 Qg6 25. f3 0-1

[Event "Podgorica Zeta CC-ch 15th"]
[Site "Podgorica"]
[Date "2012.12.16"]
[Round "4"]
[White "Vujadinovic, Zeljko"]
[Black "Vukcevic, Milenko"]
[Result "1-0"]
[WhiteElo "1919"]
[BlackElo "1619"]
[PlyCount "64"]
[EventDate "2012.12.15"]
[EventType "tourn"]
[EventRounds "9"]
[EventCountry "MNE"]
[SourceTitle "EXT 2014"]
[Source "ChessBase"]
[SourceDate "2013.11.20"]
[SourceVersion "1"]
[SourceVersionDate "2013.11.20"]
[SourceQuality "1"]

1. d4 d6 2. Nf3 Nf6 3. c4 g6 4. Nc3 c6 5. Bg5 Nbd7 6. e3 Bg7 7. Bd3 0-0 8. Qc2 Qc7 9. h4 e5 10. 0-0-0 exd4 11. exd4 h5 12. Rde1 Ng4 13. Re7 Qa5 14. Bxg6 Ndf6 15. Bxf6 Bxf6 16. Bxf7+ Kh8 17. Re8 Bf5 18. Qe2 Raxe8 19. Bxe8 c5 20. Rd1 cxd4 21. Nxd4 Bxd4 22. Rxd4 Qd8 23. Bxh5 Qxh4 24. Bxg4 Qg5+ 25. Qd2 Qxd2+ 26. Kxd2 Bxg4 27. Rxg4 Rxf2+ 28. Ne2 a6 29. g3 b5 30. cxb5 axb5 31. Rg6 d5 32. Rg5 d4 1-0

[Event "MNT-chTA"]
[Site "Cetinje"]
[Date "2012.09.08"]
[Round "2"]
[White "Vujadinovic, Zeljko"]
[Black "Kadic, Branislav"]
[Result "0-1"]
[WhiteElo "1952"]
[BlackElo "1998"]
[PlyCount "70"]
[EventDate "2012.09.07"]
[EventType "team-tourn"]
[EventRounds "9"]
[EventCountry "MNE"]
[SourceTitle "CBM 150 Extra"]
[Source "ChessBase"]
[SourceDate "2012.10.19"]
[SourceVersion "1"]
[SourceVersionDate "2012.10.19"]
[SourceQuality "1"]

1. d4 d5 2. Nf3 Bf5 3. c4 e6 4. cxd5 exd5 5. Nc3 c6 6. a3 Bd6 7. Bg5 Nf6 8. e3 0-0 9. Bd3 Bxd3 10. Qxd3 Nbd7 11. 0-0 Re8 12. Rfe1 Qb8 13. Bxf6 Nxf6 14. e4 dxe4 15. Nxe4 Nd5 16. Nxd6 Qxd6 17. Qf5 g6 18. Qg4 Kg7 19. Ne5 Nf6 20. Qh4 Rad8 21. Nf3 h6 22. Qg3 Qxg3 23. hxg3 Nd5 24. Kf1 f6 25. Rxe8 Rxe8 26. Re1 Rd8 27. Ke2 Kf7 28. Kd3 Nc7 29. Kc3 Ne6 30. Rd1 Rd5 31. Rd3 b5 32. Kb4 Ke7 33. Ka5 Kd7 34. Ka6 Nc5+ 35. dxc5 Rxd3 0-1

[Event "MNT CupT"]
[Site "Cetinje"]
[Date "2012.05.29"]
[Round "5"]
[White "Vujadinovic, Zeljko"]
[Black "Cerovic, Zoran"]
[Result "0-1"]
[WhiteElo "1950"]
[BlackElo "2158"]
[PlyCount "74"]
[EventDate "2012.05.25"]
[EventType "team-swiss"]
[EventRounds "5"]
[EventCountry "MNE"]
[SourceTitle "CBM 148 Extra"]
[Source "ChessBase"]
[SourceDate "2012.06.22"]
[SourceVersion "1"]
[SourceVersionDate "2012.06.22"]
[SourceQuality "1"]

1. d4 d5 2. Nf3 Nf6 3. c4 e6 4. Bg5 Be7 5. Bxf6 Bxf6 6. e3 c5 7. Nc3 cxd4 8. exd4 Nc6 9. cxd5 exd5 10. Be2 0-0 11. 0-0 Bg4 12. Qb3 Bxf3 13. Bxf3 Nxd4 14. Qxd5 Qb6 15. Rab1 Nxf3+ 16. Qxf3 Bxc3 17. bxc3 Qe6 18. Rxb7 Qxa2 19. Rfb1 a5 20. R7b2 Qc4 21. Qxa8 Rxa8 22. Rb8+ Qc8 23. Rxc8+ Rxc8 24. Rb3 Kf8 25. Kf1 a4 26. Ra3 Ke7 27. Ke2 Kd6 28. Kd3 Ra8 29. Kc4 Kc6 30. f3 h5 31. g3 g5 32. h3 f5 33. Kb4 Rb8+ 34. Kc4 Ra8 35. Kb4 Kd5 36. Ra2 Rb8+ 37. Ka5 a3 0-1

[Event "Podgorica Zeta CC-ch 12th"]
[Site "Podgorica"]
[Date "2010.01.28"]
[Round "9"]
[White "Vujadinovic, Zeljko"]
[Black "Stamatovic, Vladimir"]
[Result "1-0"]
[WhiteElo "1972"]
[BlackElo "1880"]
[PlyCount "91"]
[EventDate "2010.01.20"]
[EventType "tourn"]
[EventRounds "9"]
[EventCountry "MNE"]
[SourceTitle "EXT 2012"]
[Source "ChessBase"]
[SourceDate "2011.11.24"]
[SourceVersion "1"]
[SourceVersionDate "2011.11.24"]
[SourceQuality "1"]

1. d4 Nf6 2. Nf3 b6 3. Bg5 Ne4 4. Bh4 Bb7 5. e3 h6 6. Bd3 Nf6 7. c4 d5 8. 0-0 Nbd7 9. Nbd2 e6 10. Ne5 g5 11. Bg3 h5 12. Nxd7 Nxd7 13. cxd5 Bxd5 14. e4 Bb7 15. f3 Bg7 16. Nb3 0-0 17. Bf2 f5 18. exf5 exf5 19. Rc1 c6 20. Re1 a5 21. a4 g4 22. Qc2 gxf3 23. Bxf5 Qg5 24. Be6+ Kh8 25. g3 Rad8 26. Re4 Nf6 27. Rh4 Rd6 28. Re1 Re8 29. Re5 Qh6 30. Bf5 Rxe5 31. dxe5 Rd5 32. exf6 Bxf6 33. Re4 c5 34. Re8+ Kg7 35. Be4 h4 36. Bxd5 Bxd5 37. Nd2 hxg3 38. Bxg3 Bd4+ 39. Kf1 Qh3+ 40. Ke1 Qg2 41. Re7+ Kf8 42. Bd6 f2+ 43. Kd1 Bf6 44. Qf5 Bb3+ 45. Nxb3 Qg1+ 46. Kc2 1-0

[Event "Podgorica Zeta CC-ch 12th"]
[Site "Podgorica"]
[Date "2010.01.23"]
[Round "4"]
[White "Vujacic, Igor"]
[Black "Vujadinovic, Zeljko"]
[Result "1-0"]
[WhiteElo "2200"]
[BlackElo "1972"]
[PlyCount "43"]
[EventDate "2010.01.20"]
[EventType "tourn"]
[EventRounds "9"]
[EventCountry "MNE"]
[SourceTitle "EXT 2012"]
[Source "ChessBase"]
[SourceDate "2011.11.24"]
[SourceVersion "1"]
[SourceVersionDate "2011.11.24"]
[SourceQuality "1"]

1. e4 c5 2. Nc3 d6 3. f4 e5 4. Bc4 Nf6 5. Nf3 Nc6 6. Ng5 Be6 7. Nxe6 fxe6 8. Bxe6 exf4 9. 0-0 Nd4 10. Bd5 Nxd5 11. Nxd5 g5 12. c3 Nc6 13. Qh5+ Kd7 14. Qg4+ Ke8 15. Qe6+ Be7 16. Nf6+ Kf8 17. Nh5 Ke8 18. Ng7+ Kf8 19. Qh6 Kg8 20. Ne6 Bf8 21. Nxf8 Qe7 22. Ne6 1-0

[Event "Podgorica Buducnost op 4th"]
[Site "Podgorica"]
[Date "2009.12.13"]
[Round "6"]
[White "Vujadinovic, Zeljko"]
[Black "Vesovic, Nebojsa"]
[Result "1/2-1/2"]
[WhiteElo "1952"]
[BlackElo "1998"]
[PlyCount "71"]
[EventDate "2009.12.10"]
[EventType "swiss"]
[EventRounds "7"]
[EventCountry "MNE"]
[SourceTitle "EXT 2019"]
[Source "ChessBase"]
[SourceDate "2018.10.10"]
[SourceVersion "1"]
[SourceVersionDate "2018.10.10"]
[SourceQuality "1"]

1. d4 g6 2. Nf3 Bg7 3. Bg5 h6 4. Bh4 c6 5. c3 d6 6. e3 Nd7 7. Bd3 a6 8. Qc2 g5 9. Bg3 Ngf6 10. Nbd2 Qc7 11. Nc4 b5 12. Ncd2 Bb7 13. e4 Nh5 14. 0-0-0 Nxg3 15. hxg3 a5 16. Rde1 a4 17. a3 Qb6 18. e5 dxe5 19. dxe5 0-0-0 20. e6 Nc5 21. Bf5 fxe6 22. Bxe6+ Kb8 23. Re3 Rhf8 24. Bg4 e5 25. Kb1 Qc7 26. Rhe1 Bc8 27. Bxc8 Qxc8 28. Ne4 Nb3 29. R3e2 Qe6 30. Nfd2 Qd5 31. Nxb3 axb3 32. Qc1 Kc7 33. Qe3 Qd1+ 34. Rxd1 Rxd1+ 35. Qc1 Rxc1+ 36. Kxc1 1/2-1/2

[Event "Podgorica Buducnost op 4th"]
[Site "Podgorica"]
[Date "2009.12.12"]
[Round "3"]
[White "Radonjic, Milan"]
[Black "Vujadinovic, Zeljko"]
[Result "0-1"]
[WhiteElo "1640"]
[BlackElo "1952"]
[PlyCount "47"]
[EventDate "2009.12.10"]
[EventType "swiss"]
[EventRounds "7"]
[EventCountry "MNE"]
[SourceTitle "EXT 2019"]
[Source "ChessBase"]
[SourceDate "2018.10.10"]
[SourceVersion "1"]
[SourceVersionDate "2018.10.10"]
[SourceQuality "1"]

1. d4 d5 2. c4 c6 3. Nf3 Nf6 4. e3 Bg4 5. h3 Bxf3 6. Qxf3 e6 7. Nc3 Bb4 8. Bd2 Bxc3 9. Bxc3 Ne4 10. cxd5 cxd5 11. Bb5+ Nc6 12. Bxc6+ bxc6 13. 0-0 Nxc3 14. bxc3 0-0 15. e4 Qa5 16. e5 Rab8 17. Qd3 Qa3 18. f4 g6 19. Rf2 Rb2 20. Rxb2 Qxb2 21. Rb1 Qxa2 22. g4 a5 23. f5 gxf5 24. Rc1 0-1

[Event "Podgorica Buducnost op 4th"]
[Site "Podgorica"]
[Date "2009.12.12"]
[Round "4"]
[White "Vujadinovic, Zeljko"]
[Black "Milovic, Jovan"]
[Result "0-1"]
[WhiteElo "1952"]
[BlackElo "2290"]
[PlyCount "40"]
[EventDate "2009.12.10"]
[EventType "swiss"]
[EventRounds "7"]
[EventCountry "MNE"]
[SourceTitle "EXT 2019"]
[Source "ChessBase"]
[SourceDate "2018.10.10"]
[SourceVersion "1"]
[SourceVersionDate "2018.10.10"]
[SourceQuality "1"]

1. d4 Nf6 2. Nf3 g6 3. Bg5 Bg7 4. e3 0-0 5. Bd3 d6 6. 0-0 Nc6 7. c4 e5 8. d5 Nb4 9. Be2 a5 10. Nc3 h6 11. Bh4 g5 12. Bg3 Nh5 13. Nd2 Nxg3 14. hxg3 f5 15. f4 exf4 16. exf4 Bd4+ 17. Kh1 g4 18. Nde4 fxe4 19. Qxd4 Nc2 20. Qxe4 Bf5 0-1

[Event "MNT-chT"]
[Site "Cetinje"]
[Date "2009.10.25"]
[Round "9"]
[White "Vujadinovic, Zeljko"]
[Black "Pecurica, Milos"]
[Result "0-1"]
[WhiteElo "1952"]
[BlackElo "2010"]
[PlyCount "96"]
[EventDate "2009.09.18"]
[EventType "team-tourn"]
[EventRounds "9"]
[EventCountry "MNE"]
[SourceTitle "EXT 2011"]
[Source "ChessBase"]
[SourceDate "2010.11.26"]
[SourceVersion "1"]
[SourceVersionDate "2010.11.26"]
[SourceQuality "1"]

1. d4 d5 2. Nf3 Nf6 3. Bf4 c5 4. c3 Nc6 5. e3 Qb6 6. Qb3 c4 7. Qc2 Bf5 8. Qc1 h6 9. Be2 e6 10. 0-0 Be7 11. Nbd2 Qd8 12. Ne5 Nxe5 13. Bxe5 0-0 14. f3 Nd7 15. Bf4 Bg5 16. Rf2 Bxf4 17. exf4 b5 18. Bd1 Qb6 19. Bc2 Bxc2 20. Qxc2 b4 21. Nf1 a5 22. Ne3 Qd6 23. g3 Rfb8 24. Ng4 a4 25. a3 bxc3 26. bxc3 Rb3 27. Qc1 Rab8 28. Kg2 Qb6 29. Raa2 Rb1 30. Qd2 Qd6 31. Ne3 R8b3 32. Nc2 Nf6 33. Nb4 Ne8 34. Re2 Nc7 35. Re1 Rxe1 36. Qxe1 Nb5 37. f5 Nxc3 38. fxe6 Qxe6 39. Ra1 Qxe1 40. Rxe1 Rxa3 41. Re8+ Kh7 42. Rd8 Rb3 43. Nxd5 Nxd5 44. Rxd5 a3 45. Kf2 a2 46. Ra5 c3 47. Ke3 c2+ 48. Kd2 c1Q+ 0-1

[Event "Podgorica Zeta CC-ch 10th"]
[Site "Podgorica"]
[Date "2009.05.04"]
[Round "7"]
[White "Vujadinovic, Zeljko"]
[Black "Vujosevic, Milos"]
[Result "0-1"]
[WhiteElo "1959"]
[BlackElo "2026"]
[PlyCount "51"]
[EventDate "2009.04.30"]
[EventType "swiss"]
[EventRounds "7"]
[EventCountry "MNE"]
[SourceTitle "EXT 2020"]
[Source "ChessBase"]
[SourceDate "2019.10.17"]
[SourceVersion "1"]
[SourceVersionDate "2019.10.17"]
[SourceQuality "1"]

1. d4 f5 2. Nf3 Nf6 3. Bg5 e6 4. e3 Be7 5. Bc4 d5 6. Bd3 0-0 7. 0-0 Nbd7 8. c4 c6 9. Nc3 Ne4 10. Bf4 g5 11. Be5 g4 12. Ne1 Nxe5 13. dxe5 Qc7 14. cxd5 Nxc3 15. bxc3 Qxe5 16. dxc6 bxc6 17. Qc2 Bb7 18. Bc4 c5 19. Qb3 Bd6 20. g3 Qe4 21. f3 Qxe3+ 22. Rf2 Bxf3 23. Nxf3 gxf3 24. Bxe6+ Kh8 25. Qd5 Rad8 26. Qxf3 0-1

[Event "Podgorica Zeta CC-ch 10th"]
[Site "Podgorica"]
[Date "2009.05.02"]
[Round "3"]
[White "Vujadinovic, Zeljko"]
[Black "Mitrovic, Miroslav"]
[Result "0-1"]
[WhiteElo "1959"]
[BlackElo "2097"]
[PlyCount "170"]
[EventDate "2009.04.30"]
[EventType "swiss"]
[EventRounds "7"]
[EventCountry "MNE"]
[SourceTitle "EXT 2020"]
[Source "ChessBase"]
[SourceDate "2019.10.17"]
[SourceVersion "1"]
[SourceVersionDate "2019.10.17"]
[SourceQuality "1"]

1. d4 Nf6 2. Nf3 g6 3. Bg5 Bg7 4. e3 c5 5. c3 Qb6 6. Qb3 Qxb3 7. axb3 d6 8. Nbd2 h6 9. Bh4 g5 10. Bg3 cxd4 11. Nxd4 Bd7 12. Be2 Nc6 13. 0-0 Nxd4 14. exd4 Bc6 15. Rfe1 Kd7 16. Bc4 e6 17. b4 a6 18. Bb3 Nd5 19. Ne4 f5 20. Nxd6 f4 21. Ne4 b6 22. Nd2 Bb7 23. Ba4+ b5 24. Bb3 fxg3 25. hxg3 Nc7 26. Bc2 h5 27. Nb3 Bd5 28. Nc5+ Kd6 29. Ra5 h4 30. Rea1 h3 31. gxh3 Rxh3 32. Be4 Rah8 33. Bxd5 exd5 34. Kg2 g4 35. Kf1 Rh2 36. Ke2 Re8+ 37. Kf1 Rf8 38. Nd3 Rfh8 39. Ke2 Bh6 40. Ne5 Rg8 41. Nd3 Bg7 42. Kd2 Re8 43. Re1 Bh6+ 44. Kd1 Rxe1+ 45. Kxe1 Bg7 46. Nc5 Rh1+ 47. Ke2 Rb1 48. Ra2 Ke7 49. Ke3 Bh6+ 50. Ke2 Bg5 51. Nd3 Kf6 52. Nc5 Kf5 53. Nd3 Be7 54. Ne5 Bd6 55. Nd3 Ke4 56. Ra5 Rh1 57. Ra2 Rh2 58. Nc5+ Bxc5 59. bxc5 Rh1 60. b4 Rb1 61. Rc2 Ra1 62. Rd2 Rc1 63. Rd1 Rc2+ 64. Kf1 Kf5 65. Rd3 Ke6 66. f3 Kf5 67. fxg4+ Ke4 68. Rd1 Rxc3 69. Kg2 Rc2+ 70. Kh3 Re2 71. Kh4 Rh2+ 72. Kg5 Ne6+ 73. Kf6 Rh6+ 74. Kf7 Ng5+ 75. Ke7 Nf3 76. Kf7 Rc6 77. Rf1 Ng5+ 78. Ke7 Rg6 79. Rf6 Rg7+ 80. Kd6 Kxd4 81. c6 Ne4+ 82. Ke6 Nxf6 83. Kxf6 Rc7 84. g5 Rxc6+ 85. Kf7 Ke5 0-1

[Event "Podgorica CC-ch"]
[Site "Podgorica"]
[Date "2008.12.22"]
[Round "7"]
[White "Vujacic, Igor"]
[Black "Vujadinovic, Zeljko"]
[Result "1-0"]
[WhiteElo "2164"]
[BlackElo "1918"]
[PlyCount "115"]
[EventDate "2008.12.15"]
[EventType "tourn"]
[EventRounds "9"]
[EventCountry "MNE"]
[SourceTitle "CBM 128 Extra"]
[Source "ChessBase"]
[SourceDate "2009.03.05"]
[SourceVersion "2"]
[SourceVersionDate "2009.03.25"]
[SourceQuality "1"]

1. e4 d5 2. exd5 Qxd5 3. Nc3 Qd8 4. d4 Nf6 5. Bc4 e6 6. Nf3 c6 7. Bg5 Nbd7 8. Qe2 Bb4 9. 0-0 0-0 10. Ne5 Be7 11. Rad1 Nb6 12. Bd3 Nbd5 13. Ne4 Nxe4 14. Bxe7 Nxe7 15. Qxe4 Ng6 16. c4 Qc7 17. Rfe1 f5 18. Qf3 Nxe5 19. Rxe5 Bd7 20. c5 b5 21. a3 Rad8 22. b4 Bc8 23. Qe3 Rd5 24. Bc2 Rxe5 25. dxe5 Rd8 26. Rd6 Rxd6 27. cxd6 Qd7 28. Bd1 h6 29. f4 Qb7 30. Bf3 Bd7 31. g4 g6 32. gxf5 gxf5 33. Bh5 Qb6 34. Kf2 Kf8 35. Ke2 Be8 36. Bxe8 Kxe8 37. Qg3 Kf7 38. Qh4 Qd4 39. Qf6+ Kg8 40. Qg6+ Kf8 41. Qxh6+ Kg8 42. Qxe6+ Kg7 43. Qf6+ Kg8 44. Qg6+ Kh8 45. Qh6+ Kg8 46. Qg5+ Kh8 47. Qh4+ Kg7 48. Qg3+ Kf7 49. Qe3 Qc4+ 50. Kf2 Ke6 51. Kg3 a5 52. bxa5 c5 53. a6 b4 54. a7 Qa6 55. Qb3+ Kd7 56. Qf7+ Kc6 57. Qe8+ Kb6 58. Qb8+ 1-0